000
00342nam a2200145Ia 4500
100
_a
None
942
_c
BK
654
_a
electronics
245
_a
TDM Pulse Code Modulation Transmitter & Receiver Trainer-ST-2103 & ST 2104 WB
260
_b
none
_a
Indore
082
_a
621.381536
_b
SCI
300
_a
85
546
_a
ENGLISH
999
_c
30806
_d
30806